Vetranie výrobných a skladových priestorov priemyselného objektu strojárenskej výroby
Guardado en:
| Autor principal: | |
|---|---|
| Otros Autores: | |
| Formato: | Manuscrito Libro |
| Lenguaje: | eslovaco |
| Publicado: |
2025
|
| Materias: | |
| Acceso en línea: | http://is.stuba.sk/zp/portal_zp.pl?podrobnosti=182592 CRZP |
| Etiquetas: |
Sin Etiquetas, Sea el primero en etiquetar este registro!
|
MARC
| LEADER | 00000ntm a22000003a 4500 | ||
|---|---|---|---|
| 001 | stuzp104252 | ||
| 003 | SK-STU | ||
| 005 | 20250721112139.4 | ||
| 007 | ta | ||
| 008 | 150427s2015----xo-----f-mn---000-0-slo-d | ||
| 040 | |a STU |b slo | ||
| 041 | 0 | |a slo | |
| 100 | 1 | |a Blažej, Denis |u 010290 |4 aut |U SvF Stavebná fakulta |T SvF Katedra technických zariadení budov |X 115764 |U V290 |Y 31 |7 115764 | |
| 242 | 0 | 1 | |a Ventilation the manufacturing and warehousing areas of a mechanical engineering industrial building |y eng |
| 245 | 1 | 0 | |a Vetranie výrobných a skladových priestorov priemyselného objektu strojárenskej výroby |
| 260 | |c 2025 | ||
| 650 | 4 | |a air -conditioning |2 eng | |
| 650 | 4 | |a industrial hall |2 eng | |
| 650 | 4 | |a decentral ventilation |2 eng | |
| 650 | 4 | |a central ventilation |2 eng | |
| 650 | 4 | |a decentrálne vetranie |2 slo | |
| 650 | 4 | |a centrálne vetranie |2 slo | |
| 650 | 4 | |a priemyselná hala |2 slo | |
| 650 | 4 | |a vzduchotechnika |2 slo | |
| 700 | 1 | |a Straková, Zuzana |u 010290 |k Z1 |4 ths |U SvF Stavebná fakulta |T SvF Katedra technických zariadení budov |X 1647 |U V290 |Y 31 |7 1647 | |
| 856 | 4 | |u http://is.stuba.sk/zp/portal_zp.pl?podrobnosti=182592 | |
| 856 | 4 | |u https://opac.crzp.sk/?fn=detailBiblioForm&sid=809C367C54749DCAA343AAFF7E5A |z CRZP | |